000
00272nam a2200109Ia 4500
001
1275955
005
20260417160438.0
008
260417s9999 xx 000 0 und d
020
_a
9772149467979
245
0
_a
O’nun Gibi Serisi
_c
Aziz Kadırga
260
_b
Ketebe Çocuk
999
_c
1275955
_d
1275955